000 00404nam a22001577a 4500
003 OSt
008 200710b ||||| |||| 00| 0 eng d
100 _aJain, K.S
245 _aPharmaceutical Organic Chemistry-I
250 _a2019
260 _aN Delhi
_bNirali Prakashan
_c2019
300 _a9.2
650 _aPharmaceutical Organic Chemistry
700 _a Miniyar, P.B and Nargund
942 _2ddc
_cBK
999 _c8784
_d8784